Литературное наследие Г.В. Плеханова (Запись № 7654659)
[ простой вид ]
| 000 -МАРКЕР | |
|---|---|
| контрольное поле | 01448nam1a22002651i 4500 |
| 001 - ИДЕНТИФИКАТОР ЗАПИСИ | |
| контрольное поле | rc\2945943 |
| 005 - ИДЕНТИФИКАТОР ВЕРСИИ | |
| контрольное поле | 20260406212224.0 |
| 035 ## - ДРУГИЕ СИСТЕМНЫЕ НОМЕРА | |
| Идентификатор записи | (NLR Aleph) 007206131 |
| 100 ## - ДАННЫЕ ОБЩЕЙ ОБРАБОТКИ | |
| Данные общей обработки | 20110828g19341940k||y0rusy50 ca |
| 101 0# - ЯЗЫК РЕСУРСА | |
| Язык текста, звукозаписи и т.д. | русский |
| 102 ## - СТРАНА ПУБЛИКАЦИИ ИЛИ ПРОИЗВОДСТВА | |
| Страна публикации | российская федерация |
| 105 ## - ПОЛЕ КОДИРОВАННЫХ ДАННЫХ: ТЕКСТОВЫЕ МАТЕРИАЛЫ, МОНОГРАФИЧЕСКИЕ | |
| Кодированные данные о монографическом текстовом документе | | z ||||| |
| 200 1# - ЗАГЛАВИЕ И СВЕДЕНИЯ ОБ ОТВЕТСТВЕННОСТИ | |
| Основное заглавие | Литературное наследие Г.В. Плеханова |
| Первые сведения об ответственности | Гос. публичная б-ка. Дом Плеханова |
| 210 ## - ПУБЛИКАЦИЯ, РАСПРОСТРАНЕНИЕ И ДР. | |
| Место издания, распространения и т.д. | Москва |
| Имя издателя, распространителя и т. д. | Государственное социально-экономическое издательство |
| Дата издания, распространения и т.д. | 1934-1940 |
| 215 ## - ФИЗИЧЕСКАЯ ХАРАКТЕРИСТИКА | |
| Специфическое обозначение материала и объем | 8 т. |
| Размеры | 23х15 |
| 300 ## - ОБЩИЕ ПРИМЕЧАНИЯ | |
| Текст примечания | На обл. издательство: Соцэкгиз |
| -- | С 1936 г. (т. 3) в надзаг.: Государственная публичная библиотека им. Салтыкова-Щедрина. Дом Плеханова |
| 600 #1 - ИМЯ ЛИЦА КАК ПРЕДМЕТ | |
| Начальный элемент ввода | Плеханов |
| Часть имени, кроме начального элемента ввода | Г. В. |
| Даты | 1856 - 1918 |
| Расширение инициалов личного имени | Георгий Валентинович |
| Системный номер авторитетной/нормативной записи | 966993 |
| Идентификатор авторитетной/нормативной записи | RU\NLR\AUTH\66362064 |
| 700 #1 - ИМЯ ЛИЦА - ПЕРВИЧНАЯ ОТВЕТСТВЕННОСТЬ | |
| Материалы, к которым относится поле | rus |
| Графика поля | Кириллица |
| Начальный элемент ввода | Плеханов |
| Часть имени, кроме начального элемента ввода | Г. В. |
| Даты | 1856-1918 |
| Расширение инициалов личного имени | Георгий Валентинович |
| Идентификатор авторитетной/нормативной записи | RU\NLR\AUTH\7748828 |
| Системный номер авторитетной/нормативной записи | 31763 |
| 712 02 - НАИМЕНОВАНИЕ ОРГАНИЗАЦИИ - ВТОРИЧНАЯ ОТВЕТСТВЕННОСТЬ | |
| Код отношения | Издатель |
| Начальный элемент ввода | Публичная библиотека им. М. Е. Салтыкова-Щедрина |
| Идентифицирующий признак | Ленинград |
| Структурное подразделение | Дом Плеханова |
| Идентификатор авторитетной/нормативной записи | RU\NLR\AUTH\889969545 |
| Системный номер авторитетной/нормативной записи | 435402 |
| 801 #0 - ИСТОЧНИК ЗАПИСИ | |
| Страна | российская федерация |
| Организация | NLR |
| Правила каталогизации | psbo |
| 801 #1 - ИСТОЧНИК ЗАПИСИ | |
| Страна | российская федерация |
| Организация | ELAR |
| Источник данных | rusmarc |
| 801 #2 - ИСТОЧНИК ЗАПИСИ | |
| Страна | российская федерация |
| Организация | NLR |
| Дата составления | 20150609 |
| Источник данных | rusmarc |
| 852 ## - МЕСТОНАХОЖДЕНИЕ И ШИФР ХРАНЕНИЯ | |
| Идентификатор организации | NLR |
| Шифр хранения (Call Number) | 34-18/317 (1-8) |
| 942 ## - ДОПОЛНИТЕЛЬНЫЕ ЭЛЕМЕНТЫ ЗАПИСИ (АБИС) | |
| Тип экземпляра АБИС | Книга |
Нет доступных экземпляров.